01009cpcaa2200241 4500001001300000003000400013005001700017008004100034010001700075040002400092072001200116100003200128245003800160300001600198300003700214506002200251520027200273545006900545546003600614600003100650610002500681656006100706mm 81012351 DLC20260227111706.0811116|||||||||||| eng  amm 81012351  aDLCcDLCedacsdDLC 7aR2lcmd1 aBelmont, Perry,d1850-1947.00aPerry Belmont papers,f1775-1900. a500fitems. a2fcontainers plusa1foversize.0 aOpen to research.8 aCorrespondence (chiefly 1900), account books (1775-1827), stock transfer book (1816-1822) of the Loudon Company (Va.), scrapbooks, and pamphlets. The small number of letters are concerned mostly with politics and the possible presidential candidacy of Admiral Dewey.0 aLawyer, author, diplomat, and U.S. representative from New York. aCollection material in English.10aDewey, George,d1837-1917.20aLoudon Company (Va.) 7aRepresentatives, U.S. CongresszNew York (State)2itoamc